Wer? Wie? Was? 2 Schülerbuch

Bibliographic Details
Main Author: Vieth, Thomas (Author)
Format: Book
Language:German
PhysicalDescription:184 s. Fotogr., sch. 25 cm
Published: Bratislava Orbis Pictus Istropolitana 1992
ISBN:8071580201
Edition:1. Ausg.
Subjects:

MARC

LEADER 00000nam a2200000 a 4500
001 vtls001072618
003 SK-MaSNL
005 20260301193519.0
008 250414s1992 xo ger
015 |a SNBA1993/09 
020 |a 8071580201 
035 |a SNK000015449 
035 |a urn:nbn:sk:snk-amlnfc 
035 |a urn:nbn:sk:snk-am00bwqz 
035 |a 8C41232F-ED6B-4DD4-A6D2-B631A5D6A9A9 
040 |a SNK  |b slo  |c SNK  |e AACR2 
041 0 |a ger 
044 |a [CS] 
080 |a 372.880.30(075.2)  |2 1981 
100 1 |a Vieth, Thomas  |4 aut  |9 47602 
245 1 0 |a Wer? Wie? Was? 2  |b Schülerbuch  |c Thomas Vieth 
250 |a 1. Ausg. 
260 |a Bratislava  |b Orbis Pictus Istropolitana  |c 1992  |e Praha  |f Svoboda 
300 |a 184 s.  |b Fotogr., sch.  |c 25 cm 
500 |a Schválilo MŠM a športu SR 
500 |a Ilustr. tit. list 
500 |a Ilustr. kol. 
655 7 |a učebnice  |2 SNK  |9 22521 
852 |a Slovenská národná knižnica 
919 |a 80-7158-020-1 
954 |a nemčina 
958 |a TL 
958 |a UX 
999 |c 877697  |d 879627 
952 |t P60, <04>, [BOOK], {604}  |a SNK  |b SNK  |y VYP  |7 0  |p 17A0102189  |o snkSB 51371/2/(B) D1  |0 0  |1 0  |4 0  |d 1997-10-16  |l 0  |r 2004-12-31 00:00:00  |w 2026-02-24 
952 |a SNK  |b SNK  |y PREZ  |7 0  |p 17A0902510  |o snkSB 51371/2/(B)   |0 0  |1 0  |4 0  |d 2012-08-08  |f 1  |l 0  |r 2025-03-12 00:00:00  |w 2026-02-24